000
00251nam a22001097a 4500
999
_c
261067
_d
261066
020
_a
9781338087864
100
_a
Edizoni Piemme
245
_a
Thea Stilton and the Frozen Fiasco
260
_a
New York
_b
Scholastic
_c
2015
300
_a
162
942
_c
BK